Business Ethics (Record no. 33865)
[ view plain ]
| 000 -LEADER | |
|---|---|
| fixed length control field | 00347nam a22001577a 4500 |
| 005 - DATE AND TIME OF LATEST TRANSACTION | |
| control field | 20231011181105.0 |
| 008 - FIXED-LENGTH DATA ELEMENTS--GENERAL INFORMATION | |
| fixed length control field | 231011b |||||||| |||| 00| 0 eng d |
| 082 ## - DEWEY DECIMAL CLASSIFICATION NUMBER | |
| Classification number | 658.1 |
| Item number | FER-B |
| 100 ## - MAIN ENTRY--AUTHOR | |
| Author Name | Ferrell |
| 245 ## - TITLE STATEMENT | |
| Title | Business Ethics |
| 250 ## - EDITION STATEMENT | |
| Edition statement | 7th.ed. |
| 300 ## - PHYSICAL DESCRIPTION | |
| Pages | 496 |
| 500 ## - GENERAL NOTE | |
| General note | Include Index |
| 650 ## - SUBJECT ADDED ENTRY--TOPICAL TERM | |
| Subject / Department | Management |
| 700 ## - ADDED ENTRY--PERSONAL NAME | |
| Personal name | Ferrell |
| 952 ## - LOCATION AND ITEM INFORMATION (KOHA) | |
| -- | 0 |
| -- | 0 |
| Lost status | Damaged status | Collection code | Permanent Location | Current Location | Shelving Location | Date acquired | Full Call Number | Accession No./Barcode | Date last seen |
|---|---|---|---|---|---|---|---|---|---|
| Management | Superior Information Resource Center (SIRC) Superior University- Central Library | Superior Information Resource Center (SIRC) Superior University- Central Library | Management | 10/11/2023 | 658 FER-B | 20680 | 10/11/2023 |
